Tigres UANL Best Scorer By Year - Statistics

General Stats
  • This quiz has been taken 118 times
    17 since last reset
  • The average score is 5 of 11
Answer Stats
Player % Correct
André-Pierre Gignac
100%
Juan Brunetta
67%
Lucas Lobos
67%
Héctor Mancilla
47%
Alan Pulido
40%
Joffre Guerrón
40%
Walter Gaitán
33%
Itamar Batista da Silva
27%
Andrés Silvera
20%
Sebastián Abreu
20%
Sebastián González
13%
No matching quizzes found
Score Distribution
Percent of People with Each Score
Percentile by Number Answered
Your Score History
You have not taken this quiz since the last reset